000 00298nam a2200133 i 4500
001 bg
100 1 _aWEBER, M.
245 0 _aSzkice z socjologii religii /
_cM. Weber.
260 _aWarszawa,
_c1983.
040 _cBPK
041 _apol
942 _cKS
008 s pl f |000 0 pol
999 _c22602
_d22602
856 _uhttp://koha.tu.koszalin.pl/cgi-bin/koha/opac-detail.pl?biblionumber=22602
_yKatalog online BPK